Statistiques concernant Culture Générale : La Planète Uranus

Cliquez ici pour prendre le quiz!

Statistiques générales

  • Ce quiz a été pris 15 fois
  • Le résultat moyen est 4 sur 8

Statistiques - réponses

QuestionRéponse% Correct
Une des lunes d'Uranus porte le nom de cette célèbre sirène de DisneyAriel
92%
Uranus fait partie des 4 planètes dites...Gazeuses
69%
Dieu Grec associé à Uranus dans la Mythologie GrecqueOuranos
62%
Nombre de lunes que possède Uranus27
54%
Gaz qui donne à Uranus sa teinte bleutéeMéthane
38%
Qui a découvert la planète ?William Herschel
38%
En quelle année ?1781
23%
Record de température à la surface de la planète,qui fait d'Uranus la planète la plus froide du Système Solaire ( -.…
ºC)
-232ºC
8%

Distribution des résultats

Percentile par nombre de réponses

% des personnes avec chaque résultat

Votre développement - résultats

Vous n’avez pas pris ce quiz